Quiz Harry Potter et L'ordre du Phénix : Chapitre 1 - Statistiques

Statistiques générales
  • Ce quiz a été pris 19 fois
  • Le résultat moyen est 25 sur 45
Statistiques - réponses
Question Réponse % Correct
Où est assis Harry ? Sur une balançoire légèrement grinçante
95%
Quel sujet déclenche une vraie tension ? Cedric Diggory et sa mort
89%
Quel sort lance-t-il ? Expecto Patronum
89%
Pourquoi Dudley est-il si affecté ? Il ne comprend pas et subit la magie de plein fouet
89%
Pourquoi Harry est-il à cran ? Il se sent inutile et tenu à l’écart des événements majeurs
89%
Quel journal consulte-t-il ? La Gazette du Sorcier
89%
Avec qui Dudley passe-t-il ses soirées ? Sa bande d'amis
89%
Quelle forme prend le Patronus ? Un cerf
89%
Quel signe annonce les Détraqueurs ? Une chute brutale de température
89%
Quelle créature apparaît ? Détraqueurs
84%
Combien sont-ils précisément ? Deux, arrivant chacun d’un côté différent
84%
Quelle est la réaction de Dudley ? Il reste figé de peur puis panique
84%
Que font les Détraqueurs après le Patronus ? Ils disparaissent
84%
Que commence à revivre Harry ? Le cri de sa mère lors de sa mort
84%
Qui arrive ensuite ? Mrs Figg
84%
Quelle est la première attitude de Dudley ? Il provoque immédiatement
79%
Quel est son vrai rôle ? Surveillance discrète pour l’Ordre du Phénix
79%
Quel est leur comportement habituel ? Traquer des personnes vulnérables pour se moquer d’elles
79%
Quel changement physique Dudley a-t-il ? Il est devenu plus large et musclé
68%
Pourquoi ce sort est-il difficile ici ? L’influence des Détraqueurs détruit toute pensée heureuse
68%
Pourquoi est-il inquiet immédiatement ? Il a utilisé la magie devant un Moldus
58%
Que tient-elle en arrivant ? Un sac de courses
58%
Quel détail sonore marque la scène ? Un silence total et oppressant
58%
Quel ami est explicitement cité ? Piers Polkiss
47%
Sur quoi porte sa moquerie ? Ses histoires de sorciers et ses “rêves”
47%
Quel moment de la journée ? Début de soirée
42%
Dans quel état émotionnel précis Harry se trouve-t-il au début ? Frustré et en colère
42%
Où se déroule la scène ? Little Whinging
42%
Quel est l'état de Harry ? Soulagé et epuisé
42%
Quelle pratique explique cela ? Boxe
37%
Comment Harry comprend-il qu’ils sont partis ? La chaleur reviens
37%
Pourquoi a-t-il choisi cet endroit ? Pour surveiller Dudley tout en restant isolé
37%
Pourquoi pense-t-il que les infos sont biaisées ? Voldemort n’est jamais mentionné explicitement
37%
Quel détail rend la chaleur inhabituelle ? L’absence totale de vent malgré l’heure tardive
32%
Quelle conséquence Harry anticipe ? Une sanction du Ministère de la Magie
32%
Où Harry garde-t-il sa baguette ? Dans sa manche prêt à agir
26%
Que reproche-t-elle à Harry ? D’avoir attendu trop longtemps avant d’agir
26%
Pourquoi Harry ne part-il pas ? Il espère une confrontation pour évacuer sa colère
26%
Qu’attend Harry avec insistance ? Des nouvelles fiables du retour de Voldemort
21%
Quelle phrase précise entend-il ? "Pas Harry, pas Harry !"
21%
Qui espère-t-il voir arriver ? Dudley
16%
Que devient la lumière ? Elle disparaît anormalement vite
16%
Quel surnom utilise Dudley "Potter"
16%
Effet sur Dudley ? Il revit un souvenir traumatisant personnel
11%
Qui finit par apparaître ? Dudley seul
5%
Aucun quiz correspondant
Distribution des résultats
% des personnes avec chaque résultat
Percentile par nombre de réponses
Votre historique - résultats
Vous n’avez pas pris ce quiz